[Event "Cheliabinsk Panchenko Memorial op-A"]
[Site "Cheliabinsk"]
[Date "2022.09.20"]
[Round "9"]
[White "Makov, Artem"]
[Black "Egorov, Pavel"]
[Result "0-1"]
[WhiteElo "2003"]
[BlackElo "2196"]
[PlyCount "96"]
[EventDate "2022.09.12"]
[EventType "swiss"]
[EventRounds "10"]
[EventCountry "RUS"]
[SourceTitle "CBM 210 Extra"]
[Source "ChessBase"]
[SourceDate "2022.11.30"]
[SourceVersion "1"]
[SourceVersionDate "2022.11.30"]
[SourceQuality "1"]

1. d4 Nf6 2. Nf3 g6 3. c4 Bg7 4. e3 0-0 5. Be2 c5 6. d5 d6 7. h3 e6 8. Nc3 exd5 9. cxd5 a6 10. a4 Nbd7 11. 0-0 Re8 12. Nd2 Qc7 13. e4 Rb8 14. a5 b5 15. axb6 Nxb6 16. Qc2 c4 17. Kh2 Bb7 18. Re1 Re7 19. Nf1 Rbe8 20. Ng3 Nfd7 21. Na4 h5 22. Nxb6 Nxb6 23. Bxh5 gxh5 24. Nf5 Nxd5 25. Nxe7+ Nxe7 26. Kh1 Ng6 27. f4 d5 28. e5 d4 29. e6 d3 30. Qf2 fxe6 31. f5 Qf7 32. Bg5 Rf8 33. Qb6 exf5 34. Re6 Kh7 35. Rf1 Bd5 36. Rd6 Qb7 37. Qxb7 Bxb7 38. Rd7 Be4 39. Ra1 Ne5 40. Ra7 Nc6 41. Rc7 Kg6 42. Bc1 a5 43. Ra4 Rd8 44. Bd2 Bh6 45. Bxa5 Nxa5 46. Rxa5 d2 47. Ra6+ Kg5 48. Kh2 d1Q 0-1

[Event "Cheliabinsk Panchenko Memorial op-A"]
[Site "Cheliabinsk"]
[Date "2022.09.14"]
[Round "3"]
[White "Egorov, Pavel"]
[Black "Matinian, Nikita"]
[Result "0-1"]
[WhiteElo "2196"]
[BlackElo "2435"]
[PlyCount "88"]
[EventDate "2022.09.12"]
[EventType "swiss"]
[EventRounds "10"]
[EventCountry "RUS"]
[SourceTitle "CBM 210 Extra"]
[Source "ChessBase"]
[SourceDate "2022.11.30"]
[SourceVersion "1"]
[SourceVersionDate "2022.11.30"]
[SourceQuality "1"]

1. d4 Nf6 2. c4 e6 3. Nc3 Bb4 4. e3 b6 5. Bd3 Bb7 6. Nf3 0-0 7. 0-0 c5 8. Na4 cxd4 9. exd4 Re8 10. a3 Bf8 11. b4 d6 12. Bb2 Nbd7 13. Re1 g6 14. Rc1 Rc8 15. Nc3 e5 16. Ne4 exd4 17. Nxf6+ Qxf6 18. Bf1 Bxf3 19. Qxf3 Qxf3 20. gxf3 Ne5 21. Red1 Bh6 22. Ra1 Nxf3+ 23. Kg2 Nh4+ 24. Kh3 Nf5 25. Bd3 Re5 26. Kg2 Bf4 27. Bf1 Nh4+ 28. Kh1 Nf3 29. h3 Rh5 30. Bc1 Rh4 31. Kg2 Bxc1 32. Kxf3 Bg5 33. Re1 d3 34. Rad1 d2 35. Re4 Rxe4 36. Kxe4 Re8+ 37. Kd3 Re1 38. Kc2 f5 39. Bg2 Kg7 40. Bf3 h6 41. Rb1 Kf6 42. Kb2 Ke5 43. Bd1 Kd4 44. Kb3 Kd3 0-1

[Event "Grodno-A"]
[Site "Grodno"]
[Date "2021.08.08"]
[Round "5"]
[White "Strybuk, Artsiom I"]
[Black "Egorov, Pavel"]
[Result "1-0"]
[WhiteElo "2241"]
[BlackElo "2180"]
[PlyCount "71"]
[EventDate "2021.08.05"]
[EventType "tourn"]
[EventRounds "9"]
[EventCountry "BLR"]
[SourceTitle "EXT 2022"]
[Source "ChessBase"]
[SourceDate "2021.10.06"]
[SourceVersion "1"]
[SourceVersionDate "2021.10.06"]
[SourceQuality "1"]

1. d4 Nf6 2. c4 g6 3. g3 Bg7 4. Bg2 d5 5. cxd5 Nxd5 6. Nf3 0-0 7. 0-0 Nb6 8. Nc3 Nc6 9. e3 Re8 10. h3 e5 11. d5 Na5 12. Qc2 c6 13. b4 Nac4 14. dxc6 bxc6 15. Rd1 Qe7 16. Rb1 a5 17. bxa5 Rxa5 18. Nd2 Be6 19. Nxc4 Nxc4 20. Bxc6 Rc8 21. Bb7 Rd8 22. Bg2 Na3 23. Bxa3 Rxa3 24. Nd5 Qa7 25. Nc7 Rxd1+ 26. Rxd1 Bf5 27. Rd8+ Bf8 28. Qc6 Kg7 29. Ne8+ Kh6 30. Nd6 Bxd6 31. Qxd6 Ra6 32. Qf8+ Kg5 33. h4+ Kf6 34. Qh8+ Ke7 35. Re8+ Kd7 36. Qxe5 1-0

[Event "Grodno-A"]
[Site "Grodno"]
[Date "2021.08.07"]
[Round "4"]
[White "Egorov, Pavel"]
[Black "Maliush, Andrei"]
[Result "1/2-1/2"]
[WhiteElo "2180"]
[BlackElo "2290"]
[PlyCount "111"]
[EventDate "2021.08.05"]
[EventType "tourn"]
[EventRounds "9"]
[EventCountry "BLR"]
[SourceTitle "EXT 2022"]
[Source "ChessBase"]
[SourceDate "2021.10.06"]
[SourceVersion "1"]
[SourceVersionDate "2021.10.06"]
[SourceQuality "1"]

1. d4 g6 2. c4 Bg7 3. Nc3 d6 4. e4 e5 5. Be3 Nc6 6. d5 Nce7 7. g4 f5 8. gxf5 gxf5 9. Qh5+ Kf8 10. Bg5 Nf6 11. Bxf6 Bxf6 12. Bh3 Qe8 13. Qxe8+ Kxe8 14. 0-0-0 Bh4 15. Nb5 Kd8 16. c5 a6 17. cxd6 axb5 18. dxe7+ Kxe7 19. exf5 Bxf2 20. Ne2 Rf8 21. Nc3 b4 22. Ne4 Be3+ 23. Kb1 Bxf5 24. Bxf5 Rxf5 25. Rhe1 Bf4 26. d6+ cxd6 27. Nxd6 Rh5 28. Nc4 Rd8 29. Rxd8 Kxd8 30. Kc2 Kc7 31. h4 b5 32. Ne3 Rxh4 33. Nd5+ Kd6 34. Nxb4 Rh2+ 35. Kb3 Rh3+ 36. Kc2 h5 37. b3 Rh2+ 38. Kd3 Bd2 39. Re4 h4 40. a4 Bf4 41. axb5 h3 42. b6 Rd2+ 43. Kc3 h2 44. Re1 e4 45. Kc4 Be3 46. Kb5 Bg1 47. b7 Kc7 48. Rxe4 Kxb7 49. Re7+ Kc8 50. Rh7 Rd7 51. Rh8+ Kc7 52. Rh6 Rd2 53. Kc4 Be3 54. Rxh2 Rxh2 55. Nd5+ Kc6 56. Nxe3 1/2-1/2

[Event "Moscow RGGU-ch 10th"]
[Site "Moscow"]
[Date "2021.03.20"]
[Round "1"]
[White "Kapitonov, Dmitry S"]
[Black "Egorov, Pavel"]
[Result "0-1"]
[WhiteElo "1703"]
[BlackElo "2214"]
[PlyCount "48"]
[EventDate "2021.03.20"]
[EventType "swiss"]
[EventRounds "7"]
[EventCountry "RUS"]
[SourceTitle "EXT 2022"]
[Source "ChessBase"]
[SourceDate "2021.10.06"]
[SourceVersion "1"]
[SourceVersionDate "2021.10.06"]
[SourceQuality "1"]

1. Nf3 Nf6 2. b3 g6 3. Bb2 Bg7 4. e4 d6 5. Be2 0-0 6. d3 e5 7. Nbd2 a5 8. 0-0 a4 9. a3 axb3 10. cxb3 c5 11. Nc4 b5 12. Ne3 Nc6 13. Rc1 Qb6 14. Nc2 Be6 15. b4 Nd7 16. Qd2 h6 17. Qe3 cxb4 18. Qxb6 Nxb6 19. Nxb4 Nxb4 20. axb4 Ra2 21. Rc2 Na4 22. Rb1 Rc8 23. Rd2 h5 24. Bc1 Nc3 0-1

[Event "Titled Tuesday intern op 20th Oct"]
[Site "Chess.com INT"]
[Date "2020.10.20"]
[Round "2"]
[White "Egorov, Pavel"]
[Black "Aung, Thant Zin"]
[Result "1-0"]
[WhiteElo "2214"]
[BlackElo "2268"]
[PlyCount "69"]
[EventDate "2020.10.20"]
[EventType "swiss (blitz)"]
[EventRounds "11"]
[EventCountry "USA"]
[SourceTitle "EXT 2022"]
[Source "ChessBase"]
[SourceDate "2021.10.06"]
[SourceVersion "1"]
[SourceVersionDate "2021.10.06"]
[SourceQuality "1"]

1. d4 Nf6 2. c4 e6 3. Nc3 Bb4 4. e3 0-0 5. Nf3 b6 6. Bd3 Bb7 7. 0-0 Bxc3 8. bxc3 c5 9. Re1 Ne4 10. Qc2 f5 11. Nd2 Nxd2 12. Bxd2 d6 13. e4 f4 14. e5 h6 15. Be4 d5 16. cxd5 Bxd5 17. Bxd5 Qxd5 18. Qe4 Qxe4 19. Rxe4 f3 20. dxc5 bxc5 21. Be3 Na6 22. Ra4 Nc7 23. Bxc5 Rf5 24. Rxa7 Rxa7 25. Bxa7 Rg5 26. g3 Nd5 27. Bd4 Nf4 28. Kf1 Ne2 29. a4 Rf5 30. a5 Rf8 31. a6 Ra8 32. a7 Kh7 33. Ra6 Kg8 34. Rb6 Nxd4 35. Rb8+ 1-0

[Event "Titled Tuesday intern op 20th Oct"]
[Site "Chess.com INT"]
[Date "2020.10.20"]
[Round "6"]
[White "Egorov, Pavel"]
[Black "Fajdetic, Hrvoje"]
[Result "1/2-1/2"]
[WhiteElo "2214"]
[BlackElo "2151"]
[PlyCount "127"]
[EventDate "2020.10.20"]
[EventType "swiss (blitz)"]
[EventRounds "11"]
[EventCountry "USA"]
[SourceTitle "EXT 2022"]
[Source "ChessBase"]
[SourceDate "2021.10.06"]
[SourceVersion "1"]
[SourceVersionDate "2021.10.06"]
[SourceQuality "1"]

1. d4 e6 2. c4 f5 3. Nc3 Nf6 4. Nf3 Bb4 5. e3 0-0 6. Bd3 b6 7. 0-0 Bxc3 8. bxc3 d6 9. Qc2 Bb7 10. Nd2 Nbd7 11. f3 g6 12. e4 f4 13. e5 dxe5 14. Ne4 exd4 15. Ng5 Nc5 16. Bxg6 d3 17. Bxd3 Qxd3 18. Qxd3 Nxd3 19. Nxe6 Rf7 20. Nxf4 Nxf4 21. Bxf4 Ba6 22. Rfd1 Bxc4 23. Rd4 b5 24. a4 c5 25. Rd2 b4 26. cxb4 cxb4 27. Rd4 Be6 28. Rxb4 Nd5 29. Rb8+ Rxb8 30. Bxb8 Rb7 31. Be5 a5 32. Rc1 Kf7 33. Rc5 Ra7 34. Kf2 Nb4 35. Ke3 Bb3 36. Bc7 Nd5+ 37. Kd4 Nxc7 38. Rh5 Kg6 39. Rh4 Ne6+ 40. Ke5 Ng7 41. f4 Kf7 42. f5 Rd7 43. Rxh7 Rd5+ 44. Ke4 Rxf5 45. Rxg7+ Kxg7 46. Kxf5 Bxa4 47. Ke4 Bc6+ 48. Kd3 Bxg2 49. Kc3 Bc6 50. Kb3 Kg6 51. Ka3 Kh5 52. Ka2 Kh4 53. Ka1 Kh3 54. Kb2 Kxh2 55. Ka1 Kg2 56. Kb2 Kf2 57. Ka1 Ke2 58. Kb2 Kf1 59. Ka2 Ke2 60. Ka1 Kf1 61. Kb2 Ke2 62. Ka1 Kf1 63. Kb2 Ke2 64. Ka1 1/2-1/2

[Event "Titled Tuesday intern op 20th Oct"]
[Site "Chess.com INT"]
[Date "2020.10.20"]
[Round "4"]
[White "Egorov, Pavel"]
[Black "Murzin, Volodar"]
[Result "0-1"]
[WhiteElo "2214"]
[BlackElo "2465"]
[PlyCount "74"]
[EventDate "2020.10.20"]
[EventType "swiss (blitz)"]
[EventRounds "11"]
[EventCountry "USA"]
[SourceTitle "EXT 2022"]
[Source "ChessBase"]
[SourceDate "2021.10.06"]
[SourceVersion "1"]
[SourceVersionDate "2021.10.06"]
[SourceQuality "1"]

1. d4 Nf6 2. c4 g6 3. Nc3 Bg7 4. e4 d6 5. Nf3 0-0 6. Be2 e5 7. 0-0 Nc6 8. d5 Ne7 9. b4 Nh5 10. Re1 f5 11. Ng5 Nf6 12. Bf3 c6 13. b5 fxe4 14. Ncxe4 cxd5 15. Nxf6+ Bxf6 16. Bxd5+ Nxd5 17. Qxd5+ Kg7 18. Ne6+ Bxe6 19. Qxe6 Qe7 20. Qxe7+ Bxe7 21. Ba3 Rac8 22. Rad1 Rf6 23. Re4 b6 24. g3 Kf7 25. f4 exf4 26. Rde1 Bf8 27. gxf4 d5 28. R4e3 d4 29. Rd3 Rxf4 30. Bxf8 Kxf8 31. Ra3 Rf7 32. Ra4 d3 33. Rd1 Rd8 34. Rd2 Rd4 35. Ra3 Rg4+ 36. Rg2 Rxg2+ 37. Kxg2 Rd7 0-1

[Event "Titled Tuesday intern op 20th Oct"]
[Site "Chess.com INT"]
[Date "2020.10.20"]
[Round "5"]
[White "Matveeva, Olga"]
[Black "Egorov, Pavel"]
[Result "1-0"]
[WhiteElo "2171"]
[BlackElo "2214"]
[PlyCount "69"]
[EventDate "2020.10.20"]
[EventType "swiss (blitz)"]
[EventRounds "11"]
[EventCountry "USA"]
[SourceTitle "EXT 2022"]
[Source "ChessBase"]
[SourceDate "2021.10.06"]
[SourceVersion "1"]
[SourceVersionDate "2021.10.06"]
[SourceQuality "1"]

1. d4 Nf6 2. c4 g6 3. g3 d5 4. cxd5 Nxd5 5. Nf3 Bg7 6. Bg2 0-0 7. 0-0 Nc6 8. Nc3 Nb6 9. e3 Re8 10. Re1 e5 11. d5 Na5 12. e4 c6 13. b3 cxd5 14. exd5 e4 15. Nxe4 Bxa1 16. Bg5 f6 17. Bxf6 Bxf6 18. Nxf6+ Qxf6 19. Rxe8+ Kf7 20. Qe1 h6 21. Re2 Nxd5 22. Qxa5 Nc3 23. Qc7+ Kf8 24. Re3 Nd5 25. Qc5+ Ne7 26. Nh4 Bf5 27. Nxf5 gxf5 28. Bxb7 Rd8 29. Kg2 Rd2 30. Bf3 Rd7 31. b4 Qd6 32. Qc3 Qd4 33. Qb3 f4 34. Re2 fxg3 35. hxg3 1-0

[Event "Titled Tuesday intern op 29th Sept"]
[Site "Chess.com INT"]
[Date "2020.09.29"]
[Round "7"]
[White "Egorov, Pavel"]
[Black "Kahlert, Thomas"]
[Result "1/2-1/2"]
[WhiteElo "2238"]
[BlackElo "2155"]
[PlyCount "99"]
[EventDate "2020.09.29"]
[EventType "swiss (blitz)"]
[EventRounds "10"]
[EventCountry "USA"]
[SourceTitle "CBM 198 Extra"]
[Source "ChessBase"]
[SourceDate "2020.11.30"]
[SourceVersion "1"]
[SourceVersionDate "2020.11.30"]
[SourceQuality "1"]

1. d4 Nf6 2. c4 g6 3. Nc3 d5 4. Nf3 Bg7 5. Bg5 dxc4 6. e4 c5 7. d5 b5 8. d6 b4 9. dxe7 Qxe7 10. e5 bxc3 11. Be2 cxb2 12. Rb1 h6 13. Bxf6 Bxf6 14. exf6 Qxf6 15. 0-0 0-0 16. Qd5 c3 17. Qxa8 Bf5 18. Rbe1 c2 19. Nd2 Nc6 20. Qb7 Rb8 21. Qa6 b1Q 22. Nxb1 cxb1Q 23. Rxb1 Rxb1 24. Rxb1 Bxb1 25. Bf3 Kg7 26. Bxc6 Bxa2 27. Qxa2 Qxc6 28. Qxa7 c4 29. Qd4+ Kh7 30. Qc3 Qd5 31. h3 h5 32. Qf6 Kg8 33. Kh2 Qd3 34. f4 c3 35. f5 gxf5 36. Qg5+ Kf8 37. Qh6+ Ke7 38. Qg5+ Ke6 39. Qh6+ f6 40. Qxh5 c2 41. Qe8+ Kd5 42. Qd7+ Ke4 43. Qc6+ Ke3 44. Qf3+ Kd2 45. Qf2+ Qe2 46. Qd4+ Ke1 47. Qg1+ Kd2 48. Qd4+ Ke1 49. Qg1+ Kd2 50. Qd4+ 1/2-1/2

[Event "Titled Tuesday intern op 22nd Sept"]
[Site "Chess.com INT"]
[Date "2020.09.22"]
[Round "6"]
[White "Allahverdiyeva, Ayan"]
[Black "Egorov, Pavel"]
[Result "1-0"]
[WhiteElo "2088"]
[BlackElo "2238"]
[PlyCount "85"]
[EventDate "2020.09.22"]
[EventType "swiss (blitz)"]
[EventRounds "10"]
[EventCountry "USA"]
[SourceTitle "CBM 198 Extra"]
[Source "ChessBase"]
[SourceDate "2020.11.30"]
[SourceVersion "1"]
[SourceVersionDate "2020.11.30"]
[SourceQuality "1"]

1. e4 Nf6 2. e5 Nd5 3. d4 d6 4. c4 Nb6 5. f4 Bf5 6. Nc3 dxe5 7. fxe5 Nc6 8. Be3 e6 9. Nf3 Bb4 10. Bd3 Bg4 11. 0-0 0-0 12. Ne4 Bxf3 13. Qxf3 Nxd4 14. Nf6+ gxf6 15. Qg4+ Kh8 16. Bxd4 f5 17. Qf4 c5 18. Be3 Qxd3 19. Qh6 Rg8 20. Qf6+ Rg7 21. Bh6 Rag8 22. Rad1 Nd7 23. Bxg7+ Rxg7 24. Qd8+ Rg8 25. Qxg8+ Kxg8 26. Rxd3 Nxe5 27. Rd8+ Kg7 28. Rb8 b6 29. Rb7 Bd2 30. Rd1 Nxc4 31. b3 Be3+ 32. Kf1 Ne5 33. Rxa7 b5 34. Ke2 f4 35. h3 b4 36. Rb7 Nc6 37. Rdd7 Ne5 38. Rdc7 Kg6 39. g3 h5 40. gxf4 Bxf4 41. Rxc5 Kf5 42. Rxb4 f6 43. a4 1-0

[Event "Titled Tuesday intern op 22nd Sept"]
[Site "Chess.com INT"]
[Date "2020.09.22"]
[Round "3"]
[White "Egorov, Pavel"]
[Black "Magalashvili, Davit"]
[Result "0-1"]
[WhiteElo "2238"]
[BlackElo "2456"]
[PlyCount "82"]
[EventDate "2020.09.22"]
[EventType "swiss (blitz)"]
[EventRounds "10"]
[EventCountry "USA"]
[SourceTitle "CBM 198 Extra"]
[Source "ChessBase"]
[SourceDate "2020.11.30"]
[SourceVersion "1"]
[SourceVersionDate "2020.11.30"]
[SourceQuality "1"]

1. d4 Nf6 2. c4 e6 3. Nc3 Bb4 4. e3 c5 5. Nf3 0-0 6. Bd3 d6 7. 0-0 Bxc3 8. bxc3 Nc6 9. e4 e5 10. d5 Ne7 11. Nh4 h6 12. Qf3 Ng6 13. Nf5 Bxf5 14. Qxf5 Qd7 15. Qxd7 Nxd7 16. g3 Ne7 17. f4 exf4 18. gxf4 f5 19. e5 dxe5 20. d6 Nc8 21. fxe5 Nxe5 22. Bxf5 Nxd6 23. Be6+ Kh8 24. Bf4 Nexc4 25. Rad1 Rad8 26. h4 b5 27. Kg2 Ne4 28. Rxd8 Rxd8 29. Bxc4 bxc4 30. Be5 Re8 31. Rf5 Kg8 32. h5 Ng5 33. Kg3 Nf7 34. Kf4 Nxe5 35. Rxe5 Rxe5 36. Kxe5 Kf7 37. Kd5 g5 38. hxg6+ Kxg6 39. Kxc5 h5 40. Kxc4 h4 41. Kd3 h3 0-1

[Event "Titled Tuesday intern op 22nd Sept"]
[Site "Chess.com INT"]
[Date "2020.09.22"]
[Round "8"]
[White "Kahlert, Thomas"]
[Black "Egorov, Pavel"]
[Result "0-1"]
[WhiteElo "2155"]
[BlackElo "2238"]
[PlyCount "96"]
[EventDate "2020.09.22"]
[EventType "swiss (blitz)"]
[EventRounds "10"]
[EventCountry "USA"]
[SourceTitle "CBM 198 Extra"]
[Source "ChessBase"]
[SourceDate "2020.11.30"]
[SourceVersion "1"]
[SourceVersionDate "2020.11.30"]
[SourceQuality "1"]

1. c4 Nf6 2. Nc3 g6 3. Nf3 Bg7 4. g3 d5 5. cxd5 Nxd5 6. Bg2 0-0 7. 0-0 Nc6 8. d4 Nb6 9. e3 Re8 10. h3 e5 11. dxe5 Nxe5 12. Nxe5 Bxe5 13. Qxd8 Rxd8 14. Rd1 Rxd1+ 15. Nxd1 c6 16. Bd2 Be6 17. Bc3 Bxc3 18. Nxc3 Rd8 19. b3 Rd2 20. Rd1 Rc2 21. Ne4 Rxa2 22. Nc5 a5 23. Nxe6 fxe6 24. Rd8+ Kf7 25. Rb8 Nd5 26. Rxb7+ Kf6 27. Rxh7 Ne7 28. Rh4 Ke5 29. Re4+ Kd6 30. Rd4+ Kc5 31. Be4 Ra3 32. Ra4 Rxa4 33. bxa4 Kb4 34. Bc2 Kc3 35. Bd1 c5 36. Kf1 Kd2 37. Bb3 Nd5 38. e4 Nb6 39. Bxe6 Nxa4 40. h4 Nb6 41. g4 c4 42. Bxc4 Nxc4 43. h5 gxh5 44. gxh5 Kd3 45. h6 Ne5 46. f4 Nf7 47. e5 Nxh6 48. e6 Nf5 0-1

[Event "Titled Tuesday intern op 21st April"]
[Site "Chess.com INT"]
[Date "2020.04.21"]
[Round "3"]
[White "Tekeyev, Zaur"]
[Black "Egorov, Pavel"]
[Result "1-0"]
[WhiteElo "2396"]
[BlackElo "2238"]
[PlyCount "55"]
[EventDate "2020.04.21"]
[EventType "swiss (blitz)"]
[EventRounds "10"]
[EventCountry "USA"]
[SourceTitle "EXT 2021"]
[Source "ChessBase"]
[SourceDate "2020.10.23"]
[SourceVersion "1"]
[SourceVersionDate "2020.10.23"]
[SourceQuality "1"]

1. e4 Nf6 2. e5 Nd5 3. d4 d6 4. Nf3 g6 5. Bc4 Nb6 6. Bb3 Bg7 7. a4 a5 8. Qe2 0-0 9. 0-0 Bg4 10. e6 d5 11. exf7+ Rxf7 12. Nbd2 Bxd4 13. h3 Bxf3 14. Nxf3 Bg7 15. Ng5 Rf5 16. Qe6+ Kh8 17. Qxf5 gxf5 18. Nf7+ Kg8 19. Nxd8 c5 20. Be3 N8d7 21. Ne6 c4 22. Nxg7 Kxg7 23. Ba2 e5 24. f4 d4 25. Bf2 Rd8 26. Rad1 Nxa4 27. fxe5 Nxb2 28. Rxd4 1-0

[Event "Titled Tuesday intern op 14th April"]
[Site "Chess.com INT"]
[Date "2020.04.14"]
[Round "5"]
[White "Agrest, Inna"]
[Black "Egorov, Pavel"]
[Result "0-1"]
[WhiteElo "2284"]
[BlackElo "2238"]
[PlyCount "94"]
[EventDate "2020.04.14"]
[EventType "swiss (blitz)"]
[EventRounds "10"]
[EventCountry "USA"]
[SourceTitle "EXT 2021"]
[Source "ChessBase"]
[SourceDate "2020.10.23"]
[SourceVersion "1"]
[SourceVersionDate "2020.10.23"]
[SourceQuality "1"]

1. e4 Nf6 2. e5 Nd5 3. d4 d6 4. c4 Nb6 5. exd6 cxd6 6. Nc3 g6 7. Be3 Bg7 8. Rc1 0-0 9. b3 Bf5 10. Be2 d5 11. c5 Nc8 12. b4 a6 13. Bf3 Nc6 14. a3 e6 15. Nge2 h5 16. 0-0 N8e7 17. h3 h4 18. Bg5 Be4 19. Bxe4 dxe4 20. Nxe4 Qd5 21. N2c3 Qxd4 22. Qxd4 Bxd4 23. Bxh4 Nf5 24. Bf6 Bxf6 25. Nxf6+ Kg7 26. Nd7 Rfd8 27. Rcd1 Ncd4 28. Nb6 a5 29. Nxa8 axb4 30. axb4 Rxa8 31. g4 Nf3+ 32. Kg2 N5h4+ 33. Kg3 Ra3 34. Rc1 Nd2 35. Rfe1 g5 36. Re3 f5 37. gxf5 Nxf5+ 38. Kh2 Nxe3 39. fxe3 Nf3+ 40. Kg3 Ne5 41. Kg2 Rb3 42. Rc2 Rxb4 43. Kf2 Rc4 44. Ke2 Rxc5 45. Kd2 Nc4+ 46. Kd3 Na3 47. Rb2 b5 0-1

[Event "Titled Tuesday intern op 14th April"]
[Site "Chess.com INT"]
[Date "2020.04.14"]
[Round "7"]
[White "Egorov, Pavel"]
[Black "Polok, Kacper"]
[Result "0-1"]
[WhiteElo "2238"]
[BlackElo "2288"]
[PlyCount "114"]
[EventDate "2020.04.14"]
[EventType "swiss (blitz)"]
[EventRounds "10"]
[EventCountry "USA"]
[SourceTitle "EXT 2021"]
[Source "ChessBase"]
[SourceDate "2020.10.23"]
[SourceVersion "1"]
[SourceVersionDate "2020.10.23"]
[SourceQuality "1"]

1. d4 e6 2. c4 f5 3. Nc3 Nf6 4. Nf3 Bb4 5. g3 b6 6. Bg2 Bb7 7. 0-0 Bxc3 8. bxc3 0-0 9. Bg5 d6 10. Ne1 Bxg2 11. Nxg2 Nbd7 12. Nf4 Qe7 13. d5 e5 14. Ne6 Rfc8 15. Qc2 h6 16. Bxf6 Qxf6 17. e4 fxe4 18. Qxe4 Nf8 19. Nxf8 Rxf8 20. f4 Rae8 21. f5 a5 22. h4 h5 23. Rae1 Qh6 24. Re2 Rf6 25. g4 hxg4 26. Qxg4 Ref8 27. h5 Kf7 28. Qf3 Ke7 29. Rg2 R8f7 30. Qh3 Qh7 31. Rg5 Kd7 32. Qg4 Kc8 33. Rg6 Kb7 34. Qg5 Qh8 35. h6 gxh6 36. Qh5 Rg7 37. Rf2 Qg8 38. Rfg2 Rgxg6 39. Rxg6 Qf8 40. Rxf6 Qxf6 41. Qg6 Qh4 42. f6 Qe1+ 43. Kh2 Qf2+ 44. Kh3 e4 45. f7 e3 46. Qg8 e2 47. f8Q Qxf8 48. Qxf8 e1Q 49. Qf3 Qe5 50. Kg4 Qg5+ 51. Kh3 Qg6 52. Qe3 Qf5+ 53. Kh4 h5 54. Qg5 Qe4+ 55. Kxh5 Qxc4 56. Qg8 Qxc3 57. Qe6 Qe5+ 0-1

[Event "Titled Tuesday intern op 3rd Jan"]
[Site "Chess.com INT"]
[Date "2019.12.03"]
[Round "1"]
[White "Belous, Vladimir"]
[Black "Egorov, Pavel"]
[Result "1-0"]
[WhiteElo "2529"]
[BlackElo "2275"]
[PlyCount "83"]
[EventDate "2019.12.03"]
[EventType "swiss (blitz)"]
[EventRounds "10"]
[EventCountry "USA"]
[SourceTitle "EXT 2021"]
[Source "ChessBase"]
[SourceDate "2020.10.23"]
[SourceVersion "1"]
[SourceVersionDate "2020.10.23"]
[SourceQuality "1"]

1. c4 Nf6 2. Nf3 g6 3. Nc3 Bg7 4. e4 d6 5. d4 0-0 6. h3 Nbd7 7. Bg5 e5 8. d5 h6 9. Be3 Nc5 10. Nd2 a5 11. Be2 Ne8 12. g4 c6 13. Nb3 Nxb3 14. axb3 cxd5 15. cxd5 Nc7 16. h4 Bd7 17. h5 g5 18. Bb6 Qc8 19. Bxa5 Na6 20. b4 Nc7 21. b5 b6 22. Bxb6 Rxa1 23. Qxa1 Na8 24. Be3 Bxg4 25. f3 Bd7 26. b6 Qb7 27. Qa7 Rb8 28. Ba6 Qxa7 29. bxa7 Rxb2 30. 0-0 Bf6 31. Rb1 Rxb1+ 32. Nxb1 Bd8 33. Bb7 Bb6 34. Bxb6 Nxb6 35. Na3 Kf8 36. Nc4 Nxc4 37. a8Q+ Ke7 38. Qa6 Ne3 39. Qe2 g4 40. Qxe3 gxf3 41. Qxh6 f2+ 42. Kxf2 1-0

[Event "Titled Tuesday intern op 3rd Jan"]
[Site "Chess.com INT"]
[Date "2019.12.03"]
[Round "9"]
[White "Egorov, Pavel"]
[Black "Seul, Georg"]
[Result "0-1"]
[WhiteElo "2275"]
[BlackElo "2401"]
[PlyCount "120"]
[EventDate "2019.12.03"]
[EventType "swiss (blitz)"]
[EventRounds "10"]
[EventCountry "USA"]
[SourceTitle "EXT 2021"]
[Source "ChessBase"]
[SourceDate "2020.10.23"]
[SourceVersion "1"]
[SourceVersionDate "2020.10.23"]
[SourceQuality "1"]

1. d4 f5 2. c4 Nf6 3. Nc3 e6 4. Nf3 Bb4 5. e3 b6 6. Bd3 Bxc3+ 7. bxc3 Bb7 8. 0-0 0-0 9. Qc2 Qe8 10. a4 Qh5 11. Ne1 Nc6 12. f3 Rae8 13. Ba3 Rf7 14. c5 Kh8 15. cxb6 axb6 16. c4 f4 17. Bc1 fxe3 18. Bxe3 e5 19. d5 Nd4 20. Bxd4 exd4 21. Qf2 Qe5 22. Nc2 Ng4 23. Qg3 Qxg3 24. hxg3 Ne3 25. Rfe1 Rfe7 26. Nxd4 Nxd5 27. Rxe7 Nxe7 28. Re1 Kg8 29. Nb5 Kf8 30. Nxc7 Rc8 31. Nb5 Ba6 32. Re4 Rc5 33. Rf4+ Kg8 34. Nd6 Nc6 35. Be4 Ne7 36. Nf5 Nxf5 37. Bxf5 Rxc4 38. Bxd7 Rxf4 39. gxf4 Kf8 40. Kf2 Ke7 41. Bf5 h6 42. Ke3 Kf6 43. Bc2 h5 44. g3 Bc8 45. Kd4 Bb7 46. Be4 Ba6 47. Kd5 b5 48. a5 b4 49. Bc2 Bb7+ 50. Kc5 Bxf3 51. Kxb4 g5 52. fxg5+ Kxg5 53. a6 Kg4 54. a7 Kxg3 55. Kc5 h4 56. Bb3 h3 57. Bd5 Bxd5 58. Kxd5 h2 59. Kc6 h1Q+ 60. Kb6 Qa8 0-1

[Event "Voronezh op-A 23rd"]
[Site "Voronezh"]
[Date "2019.06.19"]
[Round "7"]
[White "Kopylov, Alexander A"]
[Black "Egorov, Pavel"]
[Result "1-0"]
[WhiteElo "2427"]
[BlackElo "2234"]
[PlyCount "87"]
[EventDate "2019.06.12"]
[EventType "swiss"]
[EventRounds "9"]
[EventCountry "RUS"]
[SourceTitle "EXT 2020"]
[Source "ChessBase"]
[SourceDate "2019.10.17"]
[SourceVersion "1"]
[SourceVersionDate "2019.10.17"]
[SourceQuality "1"]

1. e4 e6 2. Nc3 d5 3. Nf3 Nf6 4. e5 Nfd7 5. d4 c5 6. dxc5 Nc6 7. Bf4 Nxc5 8. Bd3 Be7 9. 0-0 0-0 10. a3 f5 11. exf6 Bxf6 12. Bg3 e5 13. Nxd5 e4 14. Bc4 Kh8 15. Nxf6 Qxf6 16. Nd2 Rd8 17. Qh5 Qf5 18. Qxf5 Bxf5 19. Nb3 Nxb3 20. cxb3 Na5 21. Bc7 Nxc4 22. Bxd8 Nd2 23. Ba5 Nxf1 24. Kxf1 b6 25. Bc3 Rd8 26. Ke2 Bg4+ 27. Ke3 Rd1 28. Rxd1 Bxd1 29. b4 Bc2 30. Kd4 Kg8 31. Kd5 Kf7 32. Kc6 Ke6 33. Kb7 Kd5 34. Kxa7 b5 35. Kb6 Kc4 36. Bxg7 Bd1 37. Kc6 Bc2 38. Kd6 Bb3 39. Bc3 h5 40. f4 e3 41. f5 Kd3 42. f6 Ke2 43. a4 bxa4 44. b5 1-0

[Event "Voronezh op-A 23rd"]
[Site "Voronezh"]
[Date "2019.06.16"]
[Round "5"]
[White "Egorov, Pavel"]
[Black "Kazmin, Semen"]
[Result "1-0"]
[WhiteElo "2234"]
[BlackElo "2117"]
[PlyCount "107"]
[EventDate "2019.06.12"]
[EventType "swiss"]
[EventRounds "9"]
[EventCountry "RUS"]
[SourceTitle "EXT 2020"]
[Source "ChessBase"]
[SourceDate "2019.10.17"]
[SourceVersion "1"]
[SourceVersionDate "2019.10.17"]
[SourceQuality "1"]

1. d4 d5 2. c4 e6 3. Nf3 c6 4. Nc3 f5 5. Bf4 Nf6 6. e3 Be7 7. Bd3 0-0 8. Qc2 Ne4 9. g4 Na6 10. a3 Qa5 11. Ke2 Nxc3+ 12. bxc3 Nc7 13. Rhg1 dxc4 14. Bxc4 Nd5 15. Be5 g6 16. gxf5 exf5 17. h4 Be6 18. h5 Qxc3 19. Qxc3 Nxc3+ 20. Kd3 Bxc4+ 21. Kxc4 Ne4 22. hxg6 hxg6 23. Rxg6+ Kf7 24. Rg7+ Ke8 25. Rh1 b5+ 26. Kb3 a5 27. Rhh7 a4+ 28. Kb2 Ra7 29. d5 Nf6 30. d6 Nxh7 31. Rxh7 Rf7 32. Rxf7 Kxf7 33. dxe7 Rxe7 34. Bd6 Re8 35. Nd4 Kf6 36. Kc3 Rg8 37. Kb4 Rg1 38. Be5+ Kg6 39. Nxc6 Rb1+ 40. Ka5 Kg5 41. Nd4 b4 42. axb4 a3 43. Nc2 a2 44. Ka4 Kg4 45. Ka3 a1Q+ 46. Nxa1 Kf3 47. Nb3 Kxf2 48. Bf4 Rg1 49. b5 Rg6 50. Nd4 Rf6 51. Kb4 Kg2 52. Kc5 Kf2 53. b6 Rf8 54. b7 1-0